| 000 | 00628nam a2200193Ia 4500 | ||
|---|---|---|---|
| 008 | 151119s9999||||xx |||||||||||||| ||und|| | ||
| 082 | _a792 | ||
| 082 | _bGKKV10477 | ||
| 100 | _aकाळे नारायण | ||
| 245 | _aमराठी रंगभूमी मराठी नाटक | ||
| 260 | _a-- | ||
| 260 | _b-- | ||
| 260 | _c0 | ||
| 600 | _aकाळे नारायण | ||
| 630 | _aमराठी रंगभूमी मराठी नाटक | ||
| 700 | _aकाळे नारायण | ||
| 730 | _aमराठी रंगभूमी मराठी नाटक | ||
| 942 | _cBOOK | ||
| 999 |
_c1064608 _d1064605 |
||